000 00301nam a22001337a 4500
008 171106b xxu||||| |||| 00| 0 eng d
020 _a9780471477266
041 _aeng
080 _27 ED
_a330.722.6
100 _a61
101 _aKON
245 _aACCOUTING PRINCIPLES
_cKIESO.W
942 _2udc
_cBK
999 _c37753
_d37753